000
00433nam a2200169Ia 4500
008
220531s9999 xx 000 0 und d
041
_a
mar
100
_a
काकोडकर चंद्रकांत
_9
44264
245
_a
स्वयंवरा
250
_a
1ST
260
_b
Geeta
_c
1999
300
_a
1262
542
_d
14-06-2002
650
_a
General
_9
44265
906
_d
2002-2003
999
_c
26232
_d
26232